| 000 | 03232nam a22003257a 4500 | ||
|---|---|---|---|
| 001 | TZ 0050 | ||
| 003 | gtcocun | ||
| 005 | 20251014194209.0 | ||
| 006 | a||||gr|||| 00| 0 | ||
| 007 | ta | ||
| 008 | 251014b2014 gt ||||| m||| 00| 0 eng d | ||
| 040 |
_agtcocun _bSPA _cgtcocun _eRDA |
||
| 041 | _aSPA TZ 0050 | ||
| 084 | _0TZ 0050 | ||
| 100 |
_aGuzmán Segura, Oscar Antonio _eAutor |
||
| 245 |
_aINFORME FINAL DEL EJERCICIO PROFESIONAL SUPERVISADO (EPS), REALIZADO EN EL RANCHO MARÍA TERESA SEDE CENTRAL DE GENÉTICA BOVINA DE CENTROAMÉRICA, UBICADO EN EL MUNICIPIO DE PALÍN, ESCUINTLA./ _cOscar Antonio Guzmán Segura. _hImpreso |
||
| 264 |
_aCobán, Alta Verapaz: _bUniversidad de San Carlos de Guatemala, Centro Universitario del Norte, Zootecnia _c2014 |
||
| 300 |
_a81 p.: _bIlustraciones, gráficas. _c28 cm; |
||
| 336 |
_2rdacontenido _aTexto _btxt |
||
| 337 |
_2rdamedio _aComputadora _bn |
||
| 338 |
_2rdasoporte _aCódigo en línea _bcr |
||
| 502 | _eTZ 0050 | ||
| 502 |
_aTesis de grado _bZootecnia, _cUniversidad de San Carlos de Guatemala, Centro Universitario del Norte, Zootecnia _d2014 _oTZ 0050 |
||
| 520 | 1 | 4 | _aEl Ejercicio Profesional Supervisado (E.P.S.) se realizó en el rancho María Teresa, ubicado en el kilómetro 39.5 autopista Palín-Escuintla, municipio de Palín, departamento de Escuintla. Tuvo una duración de ocho meses, las actividades planificadas, se realizaron en el período comprendido del 18 de febrero al 18 de octubre de 2 013. Se tuvo la oportunidad de participar en actividades de mantenimiento, alimentación, sanidad y reproducción de ganado bovino (Bos taurus y Bos indicus). Inicialmente se realizó un diagnóstico de éste, el que sirvió para identificar y jerarquizar las actividades que determinaron el plan de trabajo, con el objeto de cumplir con los requerimientos de la unidad productiva. Para ello fue necesario mecanizar, sembrar y cosechar 33.14 hectáreas de maíz (Zea mays), que produjeron 1 322 toneladas de forraje verde para ensilado. La aplicación del plan profiláctico, a 188 animales a los que se les inoculó el antígeno para la prevención de cuatro enfermedades. Desarrollar el proceso de colecta y empajillado de semen, dos veces por semana durante seis meses, con la colecta y procesamiento del eyaculado de 75 bovinos (Bostaurus y Bos indicus). Aplicar la técnica de inseminación artificial a 75 hembras, con un porcentaje de preñez de 60 por ciento. Participar en los procesos que se llevaron a cabo para la colecta y transferencia exitosa de 91 embriones, permitió la adquisición de conocimientos y la introducción a dichos procesos. La identificación de 17 terneros a través de la técnica del tatuado. Capacitar a 105 promotores del área rural, sobre el manejo, aplicación de biológicos y desparasitación en aves de postura. |
| 650 | 1 | 4 |
_2LEMB _aPalín, Escuintla _xZootecnia _xReproducción _xAliementación _xProfiláctico _xAntígeno _xReproducción |
| 700 |
_aIng. Quim. Edwin Horacio Valle Peralta _eAsesor |
||
| 856 |
_uhttps://drive.google.com/file/d/14GYFDBiZwS60_9lhUjkxwnBo4T27HJ6L/view _yPDF _zUn ejemplar en línea. |
||
| 942 |
_2ddc _cTES _iTZ 0050 _kClasificación _n0 _6TZ_0050_000000000000000 |
||
| 999 |
_c2345 _d2345 |
||